Sports Quiz

Random Sports or Nation Quiz

U.S. Open Champion Nationalities Quiz Stats

 Plays Quiz not verified by Sporcle

Score 0/10 Timer 10:00
0 Plays Today
# Country % Correct
82US
100%
7England
95.7%
2Northern Ireland
94.2%
13Scotland
92.8%
5South Africa
92.8%
1Argentina
92.8%
1New Zealand
91.3%
2Australia
89.9%
1Germany
89.9%
2Jersey
14.5%

You're not logged in!

Compare scores with friends on all Sporcle quizzes.
OR
Log In

Sporcle TV

Today on Sporcle TV


Watch our educational content, quiz creation guides, and fun videos on Sporcle TV.

Show Comments

Extras

Top Quizzes Today


Score Distribution

Your Account Isn't Verified!

In order to create a playlist on Sporcle, you need to verify the email address you used during registration. Go to your Sporcle Settings to finish the process.

Report this User

Report this user for behavior that violates our Community Guidelines.

Details: